Zpracování signálů akusticky evokovaných odpovědí : Habil.práca : Obh. 15.03.1992 /
Gespeichert in:
| 1. Verfasser: | |
|---|---|
| Format: | Manuskript Buch |
| Veröffentlicht: |
Bratislava :
SVŠT v Bratislave EF,
1991
|
| Tags: |
Keine Tags, Fügen Sie das erste Tag hinzu!
|
MARC
| LEADER | 00000ntm a22000003a 4500 | ||
|---|---|---|---|
| 001 | stu7254 | ||
| 005 | 20150617225808.7 | ||
| 008 | ------s1991----------------------------d | ||
| 040 | |a STU |b slo | ||
| 041 | 0 | ||
| 100 | 1 | |a Hrubý, Miroslav |4 aut | |
| 245 | 1 | |a Zpracování signálů akusticky evokovaných odpovědí : |b Habil.práca : Obh. 15.03.1992 / |c [aut.] Hrubý,Miroslav | |
| 260 | |a Bratislava : |b SVŠT v Bratislave EF, |c 1991 | ||
| 300 | |a preruš.str | ||
| 996 | |b 284ED00877 |c E*HABIL-102 |l EE01 |s A |a 24 |w stu7254_0001 | ||